000 00287nam a2200121Ia 4500
008 190216s9999||||xx |||||||||||||| ||und||
100 _aJayachandran T N
245 0 _aSnehapoorvam Viswasapoorvam
260 _bPoorna Pubs Kozhikode
300 _a112
650 _aKathakal
942 _cBK
999 _c27251
_d27251